[Event "Valencia op 7th"]
[Site "Valencia"]
[Date "2014.01.04"]
[Round "7"]
[White "Bueno Dominguez, Ricardo"]
[Black "Conejero Gimenez, Jose Melchor"]
[Result "0-1"]
[WhiteElo "1740"]
[BlackElo "1980"]
[PlyCount "100"]
[EventDate "2014.01.02"]
[EventType "swiss"]
[EventRounds "7"]
[EventCountry "ESP"]
[SourceTitle "CBM 158 Extra"]
[Source "ChessBase"]
[SourceDate "2014.02.28"]
[SourceVersion "1"]
[SourceVersionDate "2014.02.28"]
[SourceQuality "1"]

1. c4 e6 2. Nc3 f5 3. Nf3 Nf6 4. d3 d5 5. cxd5 exd5 6. g3 c6 7. Bg2 Bd6 8. 0-0 0-0 9. a3 Nbd7 10. e4 dxe4 11. dxe4 Ne5 12. Nxe5 Bxe5 13. Qb3+ Kh8 14. exf5 Bxc3 15. Qxc3 Bxf5 16. Qb3 Qc8 17. Bf4 Bh3 18. Rfe1 Bxg2 19. Kxg2 Nd5 20. Be5 Rf5 21. f4 Rh5 22. h4 Qd7 23. Qf3 Rf5 24. Re2 Raf8 25. Rae1 h5 26. Re4 Kh7 27. Bd4 g6 28. Be5 R8f7 29. Bd4 b6 30. Be5 Re7 31. Bd4 Rff7 32. Re5 Rxe5 33. Bxe5 Re7 34. Re2 Qf5 35. Qe4 Qxe4+ 36. Rxe4 Kg8 37. Kf3 Kf7 38. Bb8 Rd7 39. Be5 Nf6 40. Re2 Ng4 41. Bc3 Rd3+ 42. Kg2 Ne3+ 43. Kh2 Nf5 44. Rg2 Ne3 45. Kh3 Nxg2 46. Kxg2 Ke6 47. Kf2 Kf5 48. Kg2 Kg4 49. Be1 Rd1 50. Kf2 Rxe1 0-1